The Rent Acts (Record no. 87492)

MARC details
000 -LEADER
fixed length control field 00590cam a2200217 4500
001 - CONTROL NUMBER
control field D4771
008 - FIXED-LENGTH DATA ELEMENTS--GENERAL INFORMATION
fixed length control field 090401t1967 xxu||||| |||| 00| 0 eng d
035 ## - SYSTEM CONTROL NUMBER
System control number (Sirsi) u17255
041 ## - LANGUAGE CODE
Language code of text/sound track or separate title eng
050 ## - LIBRARY OF CONGRESS CALL NUMBER
Classification number 346.4104344
100 ## - MAIN ENTRY--PERSONAL NAME
Personal name Megarry, R.E.
245 #4 - TITLE STATEMENT
Title The Rent Acts
250 ## - EDITION STATEMENT
Edition statement 10th
260 ## - PUBLICATION, DISTRIBUTION, ETC.
Place of publication, distribution, etc. London
Name of publisher, distributor, etc. Stevens
Date of publication, distribution, etc. 1967
300 ## - PHYSICAL DESCRIPTION
Extent 3v. (xcviii. 543p. (31). viii. 545p-1006p. xiv. 1009p - 12
350 ## - PRICE (NR) (BK AM CF MU VM SE) [OBSOLETE]
Price 0
520 ## - SUMMARY, ETC.
Summary, etc. Vol.1 Text. Vol 2. Statutes. Vol 3. Permanent Supplement
710 ## - ADDED ENTRY--CORPORATE NAME
Corporate name or jurisdiction name as entry element Laws, Statutes, etc. Collections
9 (RLIN) 1270
942 ## - ADDED ENTRY ELEMENTS (KOHA)
Suppress in OPAC 0
948 ## - LOCAL PROCESSING INFORMATION (OCLC); SERIES PART DESIGNATOR (RLIN)
c (OCLC) 04/03/1997
Holdings
Withdrawn status Lost status Source of classification or shelving scheme Damaged status Not for loan Home library Current library Shelving location Date acquired Total Checkouts Full call number Barcode Date last seen Copy number Price effective from Koha item type
    Other/Generic Classification Scheme     London London Basement 14/09/1999   RESERVE SHELVES 30008051 06/08/2019 1 06/08/2019 Reference material
    Other/Generic Classification Scheme     London London Basement 14/09/1999   RESERVE SHELVES 30008054 06/08/2019 2 06/08/2019 Reference material
    Other/Generic Classification Scheme     London London Basement 14/09/1999   RESERVE SHELVES 30008058 06/08/2019 3 06/08/2019 Reference material